Bilder nach Buchstabe - A - Statistiken

Allgemein
  • Dieses Quiz wurde 13.671 mal gespielt
  • Das Durchschnittsergebnis liegt bei 10 aus 16
Antwortstatistiken
Bildquiz Antwort % Korrekt
Ampel
97%
Argentinien
96%
Aprikose
88%
Arche
88%
Adele
83%
Akkordeon
81%
Arabien
76%
Achilles
75%
Anakonda
75%
Aquädukt
56%
Albatros
50%
Atlas
50%
Abakus
43%
Absinth
40%
Atari
30%
Ajatollah
17%
Keine übereinstimmenden Quizze gefunden
Verteilung der Resultate
Anzahl Personen mit jedem Resultat
Perzentil nach korrekt beantworteten Fragen
Ihre Resultats-Entwicklung
Sie haben dieses Quiz noch nicht gespielt